00519nam a22001817a 450000500170000001000150001702000260003203500140005803700090007208200150008110000190009624500690011525000090018426000380019327000800023130000200031176000060033120250602142448.0 aENG-145080 a9789383138319c495.00 aEN-128612 bDBAD a658.322nd aSharma, Dinesh aHuman Resource Management/bDinesh Sharma [and] Rajesh K. Shukla a2015 aLucknow bNew Royal Book Company  a1st Floor, Shah Trade Centre, 32/16, Valmiki Marg, LalbaghbLucknowe226001 a543pc22 cm(Pb) b1